Despedida de la objetividad /

Збережено в:
Бібліографічні деталі
Автор: Glasersfeld, Ernst von
Формат: Книга
Мова:Spanish
Теги: Додати тег
Немає тегів, Будьте першим, хто поставить тег для цього запису!

MARC

LEADER 00000nam a22000007a 4500
003 cru CRAI/IIS
005 20200125062535.0
008 191202t1989 es |||||r|||||||| ||spa|d
999 |c 42881  |d 42881 
040 |c cru CRAI/IIS 
100 1 |a Glasersfeld, Ernst von  |9 8994 
245 1 |a Despedida de la objetividad /  |c Ernst von Glasersfeld 
300 |a páginas 19-31 
773 0 |0 42687  |9 3976  |a Waltzlawick, Paul   |d Barcelona Editorial Gedisa, 1989  |o 18568  |t El ojo del observador:  |z 8474325129 
942 |2 ddc  |c LI